000 00690nam a2200193Ii 4500
003 JO-AjNU
008 230605s9999||||xx |||||||||||||| ||und||
040 _aJO-AjNU
_bara
_erda
_cJO-AjNU
041 _aara
050 1 4 _aPJ7542.H7.H386 1998
100 3 _aحور، محمد إبراهيم,
_eauthor
_914430
245 0 0 _aالنزعة الإنسانية في الشعر العربي القديم
264 3 1 _aالعين: مكتبة المكتبة، 1998
300 _a239ص
336 _atext
_btxt
_2rdacontent
337 _aunmediated
_bn
_2rdamedia
338 _avolume
_bnc
_2rdacarrier
650 4 _aالشعر العربي - تاريخ ونقد - النزعة الإنسانية
_914431
999 _aA3846
_c7414
_d7414